000 01275nam a22003617a 4500
003 CHAP
005 20220329141306.0
008 971010s1979 r 00010 d
010 _a65890
011 _a66862
035 _a75844
040 _cCHAP
090 _aTesis
100 0 0 _aMena Martínez, José Antonio.
_974530
245 _aAplicación de la técnica de programación lineal a un problema económico
260 _aChapingo, Méx. :
_bEl autor,
_c1979
300 _a167 h.
_b; láms. ; gráfs.
502 _aTesis (Ing. Agr. Esp. en Economía Agrícola). -- UACH. Departamento de Economía Agrícola
590 _aALEPH
_b10
_c20130110
_lUCH01
_h1359
590 _aBATCH-UPD
_b10
_c20130110
_lUCH01
_h0055
590 _aBATCH-UPD
_b10
_c20130110
_lUCH01
_h1949
590 _aBATCH-UPD
_b10
_c20130409
_lUCH01
_h2043
590 _aBATCH-UPD
_b10
_c20130410
_lUCH01
_h1311
590 _aBATCH-UPD
_b10
_c20130914
_lUCH01
_h1232
590 _aCONVERSION
_b10
_c20130109
_lUCH01
_h1336
650 1 4 _aEconomía
_xMétodos estadísticos.
_935252
650 1 4 _aProgramación lineal.
_992371
901 _aBK
942 _cFOLL
949 _bBC
_cTES
_d-147204
_eTS1
_i75844
_si
949 _bBC
_cTES
_d-147205
_eTS2
_fc.2
_i75844
_si
949 _bZA
_cTESBD
_d-8829
_eTS1
_h68
_i75844
_si
999 _c65890
_d65890